| 000 | 01421cad a22002895a 4500 | ||
|---|---|---|---|
| 001 | L141742 | ||
| 008 | 071217e20071205xxk f f000 0 eng d | ||
| 020 | _a9780117539860 | ||
| 035 | _a(Sirsi) u141742 | ||
| 041 | 0 | _aeng | |
| 050 | 0 | 4 | _a692.2 $2 18 |
| 110 | 2 |
_aUnited Kingdom _bDepartment for Communities and Local Government _94939 |
|
| 245 | 0 | 4 |
_aThe Building Act 1984 _bthe Building Regulations 2000 and the Building (Approved Inspectors etc) Regulations 2000 _h[electronic resource] |
| 260 |
_aLondon _bTSO _c2007 |
||
| 490 | 0 |
_aDCLG Circular _v05/2007 |
|
| 520 | _aDraws attention to the Building and Approved Inspectors (Amendment) Regulations 2007 and the changes they make to the Building Regulations 2000 (Part L1(b) of Sched I and Reg 20C, Sched IIA, and Sched IIB) and to the Building (Approved Inspectors etc) Regulations 2000 (Reg 12C). Also explains transitional provisions. | ||
| 521 | 2 | _aAdvanced | |
| 590 | _aKA NTK | ||
| 650 | 2 | 4 | _aDCLG CIRCULAR 05/2007 |
| 650 | 2 | 4 | _aBUILDING AND APPROVED INSPECTORS (AMENDMENT) REGULATIONS 2007 |
| 650 | 2 | 4 | _aBUILDING REGULATIONS 2000 |
| 650 | 2 | 4 | _aBUILDING (APPROVED INSPECTORS ETC.) REGULATIONS 2000 |
| 651 | 4 |
_aEngland and Wales _y1543- |
|
| 690 |
_aBuilding regulations _96224 |
||
| 856 | 4 | 0 |
_uhttps://www.communities.gov.uk/publications/planningandbuilding/circular052007 _zView the Circular free of charge at www.communities.gov.uk... |
| 942 | _n0 | ||
| 999 |
_c107754 _d107754 |
||